000 00689nam a2200229 i 4500
001 bgj
100 1 _aGREENALL, Simon.
245 1 0 _aEffective reading :
_breading skills for advanced students /
_cSimon Greenall and Michael Swan.
250 _a[10th print.].
260 _aCambridge :
_bCambridge University Press,
_c1996.
300 _aVII, 213 pp :
_bfig., phot. ;
_c24 cm.
500 _a1st publ. 1986.
650 9 _aEnglish language
_xReading
655 _aTextbooks for foreigners
700 1 _aSWAN, Michael.
020 _a0521317592 (pbk)
040 _cBPK
041 0 _aeng
920 _a0-521-31759-2 (pbk)
942 _cKS
008 s uk f |000 0 eng
999 _c48175
_d48175
856 _uhttp://koha.tu.koszalin.pl/cgi-bin/koha/opac-detail.pl?biblionumber=48175
_yKatalog online BPK